Zmeny v používaní elektronickej registračnej pokladnice

Popis legislatívnych zmien v používaní elektronickej registračnej pokladnice. Praktický popis pre podnikateľov a užívateľov.

Saved in:
Bibliographic Details
Main Author: Meluchová, Jitka, 1965-
Other Authors: Mateášová, Martina, 1979-
Format: Book Chapter
Language:Slovak
Subjects:
Tags: Add Tag
No Tags, Be the first to tag this record!

MARC

LEADER 00000naa a2200000 4500
001 0271286
005 20240502074250.9
041 0 |a slo 
044 |a SK 
245 1 0 |a Zmeny v používaní elektronickej registračnej pokladnice 
520 |a Popis legislatívnych zmien v používaní elektronickej registračnej pokladnice. Praktický popis pre podnikateľov a užívateľov. 
610 2 0 |a dane 
610 2 0 |a podnikanie 
610 2 0 |a podnikanie elektronické 
610 2 0 |a služby 
610 2 0 |a pokladnice registračné elektronické 
100 1 |a Meluchová, Jitka, 1965- 
700 1 |a Mateášová, Martina, 1979-